000 00786nam a2200265 a 4500
999 _c1211
_d1211
008 191211s2013 ii ad||g |||| 001 0 eng d
020 _a9780070666993
_cRs. 575.00
040 _aKO
_beng
041 0 _aeng
044 _aii
082 0 4 _223
_a658.84
_bC282
100 1 _aCateora, Philip R.
245 1 0 _aInternational Marketing /
_cPhilip R. Cateora, John L. Graham and Prashant Salwan
250 _a13th ed.
260 _aNew Delhi :
_bMcGraw Hill Education (India) Private Limited ,
_c2013.
300 _axxxi, 888 p. :
_bill. ;
_c24 cm.
504 _aIncludes Index.
650 0 _aExport marketing
650 0 _aInternational business enterprises
700 _aGraham, John L.
_eaut
700 _aSalwan, Prashant
_eaut
904 _aA_BOSE
942 _cBK